Normal view MARC view
  • Architectural drawing

Entry Topical Term

Number of records used in: 3

001 - CONTROL NUMBER

  • control field: 37763

003 - CONTROL NUMBER IDENTIFIER

  • control field: OSt

005 - DATE AND TIME OF LATEST TRANSACTION

  • control field: 20150428131612.0

008 - FIXED-LENGTH DATA ELEMENTS

  • fixed length control field: 150428|| aca||babn | a|a d

040 ## - CATALOGING SOURCE

  • Original cataloging agency: OSt

150 ## - HEADING--TOPICAL TERM

  • Topical term or geographic name as entry element: Architectural drawing

450 ## - SEE FROM TRACING--TOPICAL TERM

  • Topical term or geographic name entry element: Drawing, Architectural

450 ## - SEE FROM TRACING--TOPICAL TERM

  • Topical term or geographic name entry element: Plans

550 ## - SEE ALSO FROM TRACING--TOPICAL TERM

  • Control subfield: g
  • Topical term or geographic name entry element: Architectural design

550 ## - SEE ALSO FROM TRACING--TOPICAL TERM

  • Control subfield: g
  • Topical term or geographic name entry element: Communication in architectural design

550 ## - SEE ALSO FROM TRACING--TOPICAL TERM

  • Control subfield: g
  • Topical term or geographic name entry element: Drawing

550 ## - SEE ALSO FROM TRACING--TOPICAL TERM

  • Control subfield: g
  • Topical term or geographic name entry element: Mechanical drawing